ბათუმის შოთა რუსთაველის სახელმწიფო უნივერსიტეტის ბიბლიოთეკა

ბილიკებიდან ლიანდაგზე (ბიბ.ჩანაწერი № 42663)

000 -LEADER
fixed length control field 00771nam a2200217Ia 4500
001 - CONTROL NUMBER
control field 9367
003 - CONTROL NUMBER IDENTIFIER
control field GE_BSU
008 - FIXED-LENGTH DATA ELEMENTS--GENERAL INFORMATION
fixed length control field 181216s||||||||xx |||||||||||||| ||und||
040 ## - CATALOGING SOURCE
Transcribing agency GE_BSU
080 ## - UNIVERSAL DECIMAL CLASSIFICATION NUMBER
Universal Decimal Classification number 821.353.1–32
100 ## - MAIN ENTRY--PERSONAL NAME
Personal name ლორთქიფანიძე,ნიკ.
245 ## - TITLE STATEMENT
Title ბილიკებიდან ლიანდაგზე
245 ## - TITLE STATEMENT
Remainder of title მოთხრობა
260 ## - PUBLICATION, DISTRIBUTION, ETC.
Place of publication, distribution, etc. ტფილისი
260 ## - PUBLICATION, DISTRIBUTION, ETC.
Date of publication, distribution, etc. 1929(გარეკანზე 1930)
300 ## - PHYSICAL DESCRIPTION
Extent 224გვ.18სმ.
520 ## - SUMMARY, ETC.
Summary, etc. ა/კ.რკ.პროფკავშირ.კულტგანყ. პ/განყ. მე-2 სტ.
653 ## - INDEX TERM--UNCONTROLLED
Uncontrolled term ბილიკებიდან ლიანდაგზე
653 ## - INDEX TERM--UNCONTROLLED
Uncontrolled term მოთხრობა
942 ## - ADDED ENTRY ELEMENTS (KOHA)
Koha item type წიგნი
ეგზემპლარები
Withdrawn status Lost status Damaged status Not for loan Date acquired Barcode Date last seen Price effective from Koha item type
        2018-12-17 32209 2018-12-17 2018-12-17 წიგნი
        2018-12-17 32210 2018-12-17 2018-12-17 წიგნი
        2018-12-17 32211 2018-12-17 2018-12-17 წიგნი